UBT Library

Oral and Written Communication / (Record no. 527)

000 -LEADER
fixed length control field 00606nam a22002177a 4500
005 - DATE AND TIME OF LATEST TRANSACTION
control field 20151110043855.0
008 - FIXED-LENGTH DATA ELEMENTS--GENERAL INFORMATION
fixed length control field 141017b xxu||||| |||| 00| 0 eng d
020 ## - INTERNATIONAL STANDARD BOOK NUMBER
International Standard Book Number 9781133440147
024 #0 - OTHER STANDARD IDENTIFIER
Terms of availability eng
080 ## - UNIVERSAL DECIMAL CLASSIFICATION NUMBER
Universal Decimal Classification number 336.7
100 ## - Rafti
Rafti Sellnow, Deanna;.
245 ## - TITLE STATEMENT
Title Oral and Written Communication /
Statement of responsibility, etc Deanna Sellnow, Ph.D.; Roxanne Mountford, Ph.D.
250 ## -
-- 1st.ed.
260 ## -
-- United States of America:
-- Wadsworth;
-- 2013.
300 ## -
-- 500 f.:
-- me il.;
-- 27 cm.
650 #0 -
-- Komunikimi
650 #0 -
-- Me gojë
650 #0 -
-- I shkruar
700 1# -
-- Roxana Mountford, Ph.D.
942 ## - ADDED ENTRY ELEMENTS (KOHA)
Source of classification or shelving scheme
Item type Books
Holdings
Withdrawn status Lost status Source of classification or shelving scheme Damaged status Not for loan Collection code Permanent location Current location Shelving location Date acquired Total Checkouts Full call number Barcode Date last seen Price effective from Koha item type
          Koleksioni i përgjithshem UBT - Ferizaj UBT - Ferizaj Koleksioni i përgjithshem 10/17/2014   336.7 SELL 003000903 10/17/2014 10/17/2014 Books
          Koleksioni i përgjithshem UBT - Lipjan UBT - Lipjan Koleksioni i përgjithshem 11/10/2015   336.7 SELL 002-028510 11/10/2015 11/10/2015 Books
          Koleksioni i përgjithshem UBT - Lipjan UBT - Lipjan Koleksioni i përgjithshem 08/29/2017   070 SEL 002-2919030 08/29/2017 08/29/2017 Books
          Koleksioni i përgjithshem UBT - Lipjan UBT - Lipjan Koleksioni i përgjithshem 08/29/2017   070 SEL 002-2919035 08/29/2017 08/29/2017 Books
          Koleksioni i përgjithshem UBT - Lipjan UBT - Lipjan Koleksioni i përgjithshem 08/29/2017   070 SEL 002-2919040 08/29/2017 08/29/2017 Books
          Koleksioni i përgjithshem UBT - Lipjan UBT - Lipjan Koleksioni i përgjithshem 02/27/2018   37 SEL 002-3000183 02/27/2018 02/27/2018 Books
          Koleksioni i përgjithshem UBT - Lipjan UBT - Lipjan Koleksioni i përgjithshem 04/27/2021   070 SEL 002-7001261 04/27/2021 04/27/2021 Books
UBT Library © 2015-2024. All rights reserved University Education for Business and Technology